000 00884cam a2200265 a 4500
001 000010546
005 20200929162240.0
008 860418s1986 nq a 001 fdspa
035 _a(DLC) 86147931
040 _aDO-SdBNP
_bspa
_cDLC
_dBNPHU
082 _a972.8505
_bR173e
100 1 _aRamírez, Sergio,
_d1942-
_917566
245 1 0 _aEstás en Nicaragua /
_cSergio Ramírez.
260 _aManagua, (Nicaragua) :
_bNueva Nicaragua,
_c1986.
300 _a144 p. :
_bil. ;
_c20 cm.
490 1 _aLetras de Nicaragua
_v18
651 4 _aNicaragua
_xHistoria
_y1979-1990.
_916111
651 4 _aNicaragua
_xDescripciones Y Viajes
_925581
651 4 _aAmérica Central
_xDescripciones Y Viajes
_916996
600 1 0 _aCortazar, Julio.
_922782
600 1 0 _aRamirez, Sergio,
_d1942-
_917566
830 0 _aLetras de Nicaragua ;
_v18.
_98119
910 _aCatalogación derivada
049 _aBNGR
999 _c10304
_d10304